[Event "SVK-chT1W 2122"]
[Site "Slovakia"]
[Date "2022.02.13"]
[Round "7.6"]
[White "Sturc, Jan"]
[Black "Petrik, Stanislav"]
[Result "1-0"]
[WhiteElo "1990"]
[BlackElo "2118"]
[PlyCount "67"]
[EventDate "2021.11.06"]
[EventType "team-tourn"]
[EventRounds "11"]
[EventCountry "SVK"]
[SourceTitle "EXT 2023"]
[Source "ChessBase"]
[SourceDate "2022.10.05"]
[SourceVersion "1"]
[SourceVersionDate "2022.10.05"]
[SourceQuality "1"]
[WhiteTeam "Bratislava Slovan II"]
[BlackTeam "Bratislava Doprastav"]
[WhiteTeamCountry "SVK"]
[BlackTeamCountry "SVK"]

1. e4 c5 2. Nf3 Nc6 3. d4 cxd4 4. Nxd4 g6 5. c4 Bg7 6. Be3 Nf6 7. Nc3 0-0 8. Be2 b6 9. Nxc6 dxc6 10. 0-0 e5 11. h3 Qc7 12. Qe1 h6 13. f4 exf4 14. Bxf4 Qe7 15. Rd1 Re8 16. Bd6 Qe6 17. Qf2 h5 18. Bg3 Bb7 19. Rd6 Qe7 20. Rxf6 Bxf6 21. Qxf6 Qxf6 22. Rxf6 Rad8 23. c5 b5 24. a3 a5 25. b4 axb4 26. axb4 Rd4 27. Rd6 Rxb4 28. e5 Kf8 29. Bf3 h4 30. Bh2 Ra8 31. e6 Rc4 32. Rd7 Rxc3 33. Bd6+ Ke8 34. Re7+ 1-0

[Event "SVK-chT2A 1718"]
[Site "Slovakia"]
[Date "2018.01.14"]
[Round "6.7"]
[White "Petrik, Stanislav"]
[Black "Sulek, Viliam"]
[Result "0-1"]
[WhiteElo "2124"]
[BlackElo "2026"]
[PlyCount "68"]
[EventDate "2017.10.28"]
[EventType "team-tourn"]
[EventRounds "11"]
[EventCountry "SVK"]
[SourceTitle "EXT 2019"]
[Source "ChessBase"]
[SourceDate "2018.10.10"]
[SourceVersion "1"]
[SourceVersionDate "2018.10.10"]
[SourceQuality "1"]
[WhiteTeam "Bratislava Doprastav"]
[BlackTeam "Bratislava Slovan V"]
[WhiteTeamCountry "SVK"]
[BlackTeamCountry "SVK"]

1. e4 c5 2. Nf3 Nc6 3. Bb5 Nf6 4. e5 Nd5 5. 0-0 g6 6. Re1 Bg7 7. c3 0-0 8. d4 cxd4 9. cxd4 Qa5 10. Bc4 e6 11. Bxd5 exd5 12. Nc3 d6 13. h3 dxe5 14. Nxe5 Nxe5 15. dxe5 Be6 16. Bg5 Rac8 17. Qd2 Rc4 18. Be7 Rfc8 19. b4 Qb6 20. Nxd5 Bxd5 21. Qxd5 Rd4 22. Qf3 Rd2 23. Bc5 Qe6 24. Qxb7 Rcd8 25. Qe4 a6 26. a4 h5 27. Re3 R8d5 28. Bd6 Rxd6 29. Qa8+ Rd8 30. Qe4 R8d5 31. f4 Bf8 32. Rb1 R2d4 33. Qf3 Qf5 34. b5 Qxb1+ 0-1

[Event "SVK-chT2A 1718"]
[Site "Slovakia"]
[Date "2017.10.28"]
[Round "1.5"]
[White "Petrik, Stanislav"]
[Black "Mihalik, Marek"]
[Result "1-0"]
[WhiteElo "2124"]
[BlackElo "2002"]
[PlyCount "59"]
[EventDate "2017.10.28"]
[EventType "team-tourn"]
[EventRounds "11"]
[EventCountry "SVK"]
[SourceTitle "EXT 2019"]
[Source "ChessBase"]
[SourceDate "2018.10.10"]
[SourceVersion "1"]
[SourceVersionDate "2018.10.10"]
[SourceQuality "1"]
[WhiteTeam "Bratislava Doprastav"]
[BlackTeam "Piestany Loewe"]
[WhiteTeamCountry "SVK"]
[BlackTeamCountry "SVK"]

1. e4 c5 2. Nf3 d6 3. Bb5+ Bd7 4. Bxd7+ Nxd7 5. 0-0 g6 6. c3 e5 7. d4 Bg7 8. Be3 Qc7 9. Na3 a6 10. dxe5 dxe5 11. Nc4 Nb6 12. Nxb6 Qxb6 13. b4 Qc6 14. Bxc5 b6 15. Qd6 Rc8 16. Nxe5 Qxd6 17. Bxd6 Rd8 18. Rad1 Rxd6 19. Rxd6 Bxe5 20. Rxb6 Bxc3 21. Rc1 Be5 22. Rxa6 Ne7 23. Ra8+ Kd7 24. Ra7+ Ke6 25. Ra6+ Bd6 26. e5 Kxe5 27. Re1+ Kd5 28. Rd1+ Ke5 29. Raxd6 Ra8 30. R6d2 1-0

[Event "SVK-chT2A 1617"]
[Site "Slovakia"]
[Date "2017.02.11"]
[Round "8.6"]
[White "Oprea, Erik"]
[Black "Petrik, Stanislav"]
[Result "1-0"]
[WhiteElo "2188"]
[BlackElo "2116"]
[PlyCount "57"]
[EventDate "2016.10.08"]
[EventType "team-tourn"]
[EventRounds "11"]
[EventCountry "SVK"]
[SourceTitle "EXT 2018"]
[Source "ChessBase"]
[SourceDate "2017.10.13"]
[SourceVersion "1"]
[SourceVersionDate "2017.10.13"]
[SourceQuality "1"]
[WhiteTeam "Devinska Nova Ves II"]
[BlackTeam "Bratislava Doprastav"]
[WhiteTeamCountry "SVK"]
[BlackTeamCountry "SVK"]

1. c4 Nf6 2. d4 e6 3. Nc3 Bb4 4. Qc2 c5 5. a3 Bxc3+ 6. bxc3 Nc6 7. Nf3 d6 8. e4 e5 9. d5 Na5 10. Rb1 h6 11. Bd3 b6 12. h3 Nh5 13. g3 Qf6 14. Qe2 g6 15. Be3 Bd7 16. Nd2 Ba4 17. 0-0 0-0-0 18. Kg2 Rde8 19. Rb2 Nf4+ 20. gxf4 exf4 21. Qg4+ Bd7 22. Qxf4 Qxc3 23. Rfb1 Qxd3 24. Qxd6 Nb7 25. Qf6 Qxa3 26. Rb3 Qa6 27. Ra1 Na5 28. Bxc5 Kb7 29. Bb4 1-0

[Event "SVK-chT2A 1617"]
[Site "Slovakia"]
[Date "2016.11.06"]
[Round "4.2"]
[White "Petrik, Stanislav"]
[Black "Puskar, Peter"]
[Result "0-1"]
[WhiteElo "2116"]
[BlackElo "2187"]
[PlyCount "54"]
[EventDate "2016.10.08"]
[EventType "team-tourn"]
[EventRounds "11"]
[EventCountry "SVK"]
[SourceTitle "CBM 175 Extra"]
[Source "ChessBase"]
[SourceDate "2016.12.12"]
[SourceVersion "1"]
[SourceVersionDate "2016.12.12"]
[SourceQuality "1"]
[WhiteTeam "Bratislava Doprastav"]
[BlackTeam "Trnava Lokomotiva II"]
[WhiteTeamCountry "SVK"]
[BlackTeamCountry "SVK"]

1. e4 c5 2. Nf3 d6 3. c3 Nf6 4. Qc2 g6 5. d4 cxd4 6. cxd4 Bg7 7. Nc3 a6 8. Bg5 0-0 9. Be2 Bg4 10. 0-0 Nc6 11. Rad1 h6 12. Be3 Rc8 13. e5 Ne8 14. h3 Bf5 15. Qc1 g5 16. g4 Bg6 17. Rfe1 Nb4 18. Qd2 Nc7 19. Bc4 Nb5 20. Bxb5 axb5 21. a3 Nd3 22. Re2 b4 23. axb4 Nxb4 24. exd6 Qxd6 25. Nb5 Qd5 26. Nxg5 Qxb5 27. Nf3 Rc2 0-1

[Event "SVK-chT2A 1617"]
[Site "Slovakia"]
[Date "2016.10.08"]
[Round "1.4"]
[White "Petrik, Stanislav"]
[Black "Slobodnik, Michal"]
[Result "0-1"]
[WhiteElo "2116"]
[BlackElo "2075"]
[PlyCount "134"]
[EventDate "2016.10.08"]
[EventType "team-tourn"]
[EventRounds "11"]
[EventCountry "SVK"]
[SourceTitle "CBM 175 Extra"]
[Source "ChessBase"]
[SourceDate "2016.12.12"]
[SourceVersion "1"]
[SourceVersionDate "2016.12.12"]
[SourceQuality "1"]
[WhiteTeam "Bratislava Doprastav"]
[BlackTeam "Sered MSK"]
[WhiteTeamCountry "SVK"]
[BlackTeamCountry "SVK"]

1. e4 Nf6 2. e5 Nd5 3. c4 Nb6 4. c5 Nd5 5. Nc3 e6 6. d4 b6 7. Nxd5 exd5 8. cxb6 axb6 9. Nf3 Be7 10. Bd3 Ba6 11. 0-0 c6 12. Re1 Bxd3 13. Qxd3 Na6 14. Bd2 Nc7 15. a3 Ne6 16. g3 0-0 17. Re2 Ra4 18. Bc3 Qa8 19. Rae1 c5 20. Rd1 c4 21. Qf5 b5 22. h4 h6 23. Qg4 Qc6 24. Ne1 g6 25. Ng2 h5 26. Qh3 Rb8 27. f4 Bxa3 28. bxa3 Rxa3 29. Bb2 Ra2 30. f5 Nxd4 31. Bxd4 Rxe2 32. Nf4 Re4 33. fxg6 fxg6 34. Bc3 Qc5+ 35. Kh1 d4 36. Qxd7 Qxe5 37. Nxg6 Qe6 38. Qc7 Re8 39. Nf4 Qg4 40. Rf1 R4e7 41. Qd6 Rd7 42. Qh6 dxc3 43. Nxh5 Qe4+ 44. Kg1 Qe3+ 45. Qxe3 Rxe3 46. Nf6+ Kg7 47. Nxd7 Rd3 48. Rc1 b4 49. Ne5 b3 50. Nxc4 b2 51. Re1 b1Q 52. Rxb1 c2 53. Rf1 Rd1 54. Ne3 Rxf1+ 55. Kxf1 c1Q+ 56. Kf2 Qd2+ 57. Kf3 Qe1 58. Nf5+ Kf6 59. Ne3 Qh1+ 60. Kf4 Kg6 61. Ng4 Qf1+ 62. Ke3 Kh5 63. Ne5 Qe1+ 64. Kf4 Qd2+ 65. Kf3 Qc3+ 66. Kf4 Qd4+ 67. Kf5 Qf2+ 0-1

[Event "SVK-chT2A 1516"]
[Site "Slovakia"]
[Date "2016.02.13"]
[Round "8.3"]
[White "Kolcak, Marek"]
[Black "Petrik, Stanislav"]
[Result "1-0"]
[WhiteElo "2068"]
[BlackElo "2122"]
[PlyCount "59"]
[EventDate "2015.10.17"]
[EventType "team-tourn"]
[EventRounds "11"]
[EventCountry "SVK"]
[SourceTitle "EXT 2017"]
[Source "ChessBase"]
[SourceDate "2016.10.25"]
[SourceVersion "1"]
[SourceVersionDate "2016.10.25"]
[SourceQuality "1"]
[WhiteTeam "Bratislava Slovan IV"]
[BlackTeam "Bratislava Doprastav II"]
[WhiteTeamCountry "SVK"]
[BlackTeamCountry "SVK"]

1. e4 c5 2. Nf3 Nc6 3. d4 cxd4 4. Nxd4 g6 5. c4 Bg7 6. Be3 b6 7. Nc3 Bb7 8. Be2 Nf6 9. f4 0-0 10. Bf3 Na5 11. b3 d6 12. 0-0 a6 13. Rc1 e5 14. Nde2 exf4 15. Nxf4 b5 16. Ncd5 Nc6 17. Bb6 Qd7 18. Nxf6+ Bxf6 19. Bg4 Qe8 20. Nd5 Bg5 21. Nc7 Qxe4 22. Bf3 Qe7 23. cxb5 Nd8 24. Nxa8 Bxc1 25. Qxc1 Bxf3 26. Rxf3 Qb7 27. Bxd8 Rxd8 28. Qc7 Qxa8 29. Rxf7 Qd5 30. Rg7+ 1-0

[Event "SVK-chT2A 1516"]
[Site "Slovakia"]
[Date "2016.01.24"]
[Round "7.4"]
[White "Biro, Karol"]
[Black "Petrik, Stanislav"]
[Result "0-1"]
[WhiteElo "2082"]
[BlackElo "2125"]
[PlyCount "134"]
[EventDate "2015.10.17"]
[EventType "team-tourn"]
[EventRounds "11"]
[EventCountry "SVK"]
[SourceTitle "CBM 170 Extra"]
[Source "ChessBase"]
[SourceDate "2016.02.25"]
[SourceVersion "1"]
[SourceVersionDate "2016.02.25"]
[SourceQuality "1"]
[WhiteTeam "Krasnany"]
[BlackTeam "Bratislava Doprastav II"]
[WhiteTeamCountry "SVK"]
[BlackTeamCountry "SVK"]

1. Nf3 Nf6 2. g3 b5 3. Bg2 Bb7 4. 0-0 e6 5. d3 d5 6. Nbd2 Nbd7 7. e4 dxe4 8. dxe4 e5 9. Qe2 a6 10. Rd1 Bd6 11. Nh4 g6 12. Nb3 Rb8 13. Bh6 Qe7 14. Rd2 Nb6 15. Na5 Ba8 16. c3 Nfd7 17. Rad1 f6 18. Qg4 Nc5 19. Be3 Ne6 20. Bh3 Kf7 21. Bh6 Rhe8 22. Bg2 Ng5 23. Bxg5 fxg5 24. Nf3 h6 25. h4 Kg7 26. h5 gxh5 27. Qxh5 Bxe4 28. Nh4 Bh7 29. Nf3 Qf7 30. Qxf7+ Kxf7 31. Nh2 Bf5 32. Nf1 Rf8 33. Ne3 Bg6 34. Nc6 Rbe8 35. Re2 Kg7 36. b3 h5 37. Nd5 Nxd5 38. Rxd5 Bf7 39. Rdd2 h4 40. gxh4 gxh4 41. Rd3 Bh5 42. Red2 Rf4 43. Re3 Kf6 44. Nb4 Rg4 45. Re4 Reg8 46. Rxg4 Bxg4 47. Kh1 Bc8 48. Nd5+ Kg5 49. Be4 h3 50. f3 Kh4 51. Kh2 Rg7 52. b4 Be6 53. Ne3 Rf7 54. a3 Be7 55. Rd1 Bg5 56. Nd5 c6 57. Nb6 Bf4+ 58. Kh1 Be3 59. Na8 Bd5 60. Re1 Bxe4 61. fxe4 Bd2 62. Rg1 Bxc3 63. Rg8 Rf1+ 64. Kh2 Bd2 65. Rh8+ Kg4 66. Rg8+ Kf3 67. Rf8+ Bf4+ 0-1

[Event "SVK-chT2A 1415"]
[Site "Slovakia"]
[Date "2014.12.06"]
[Round "5.4"]
[White "Kalmar, Tamas"]
[Black "Petrik, Stanislav"]
[Result "0-1"]
[WhiteElo "1966"]
[BlackElo "2147"]
[PlyCount "70"]
[EventDate "2014.10.11"]
[EventType "team-tourn"]
[EventRounds "11"]
[EventCountry "SVK"]
[SourceTitle "EXT 2016"]
[Source "ChessBase"]
[SourceDate "2015.10.08"]
[SourceVersion "1"]
[SourceVersionDate "2015.10.08"]
[SourceQuality "1"]
[WhiteTeam "Potonska Veza"]
[BlackTeam "Bratislava Doprastav II"]
[WhiteTeamCountry "SVK"]
[BlackTeamCountry "SVK"]

1. d4 Nf6 2. c4 e6 3. Nf3 Bb4+ 4. Bd2 Bxd2+ 5. Qxd2 b6 6. e3 Bb7 7. Nc3 0-0 8. Be2 d5 9. cxd5 Nxd5 10. 0-0 Nd7 11. Rfd1 Rc8 12. Rac1 Nxc3 13. Rxc3 c5 14. Qc2 Qf6 15. dxc5 Nxc5 16. b4 Ne4 17. Rxc8 Rxc8 18. Qd3 Nc3 19. Rd2 Bd5 20. Bf1 g5 21. Nd4 Ne4 22. Rc2 Rd8 23. f3 Nd6 24. Qd2 Ba8 25. Qc1 Qe5 26. Rc7 a5 27. bxa5 Qxa5 28. a3 Qe5 29. Qc3 Bd5 30. e4 Bxe4 31. Nxe6 Qxe6 32. fxe4 Nxe4 33. Qc1 Qf6 34. Bc4 Qd4+ 35. Kh1 Nf2+ 0-1

[Event "SVK-chT2A 1415"]
[Site "Slovakia"]
[Date "2014.11.09"]
[Round "4.3"]
[White "Povysil, Peter"]
[Black "Petrik, Stanislav"]
[Result "1-0"]
[WhiteElo "1997"]
[BlackElo "2147"]
[PlyCount "51"]
[EventDate "2014.10.11"]
[EventType "team-tourn"]
[EventRounds "11"]
[EventCountry "SVK"]
[SourceTitle "EXT 2016"]
[Source "ChessBase"]
[SourceDate "2015.10.08"]
[SourceVersion "1"]
[SourceVersionDate "2015.10.08"]
[SourceQuality "1"]
[WhiteTeam "Bratislava Krasnany"]
[BlackTeam "Bratislava Doprastav II"]
[WhiteTeamCountry "SVK"]
[BlackTeamCountry "SVK"]

1. d4 Nf6 2. c4 e6 3. Nc3 Bb4 4. Nf3 c5 5. g3 Bxc3+ 6. bxc3 Qa5 7. Bd2 Nc6 8. Qc2 d6 9. Bg2 e5 10. 0-0 h6 11. dxe5 Nxe5 12. Nxe5 dxe5 13. Rab1 Qa6 14. Rb5 0-0 15. Be3 Nd7 16. Rd1 Re8 17. Qd3 Qxa2 18. Bd5 a6 19. Qg6 Nf8 20. Qxf7+ Kh7 21. Be4+ Kh8 22. Qxe8 Bf5 23. Qxa8 Bxe4 24. Qxf8+ Kh7 25. Rxb7 Bxb7 26. Qf5+ 1-0

[Event "SVK-chT2A 1314"]
[Site "Slovakia"]
[Date "2013.11.24"]
[Round "4.4"]
[White "Petrik, Stanislav"]
[Black "Petreje, Juraj"]
[Result "1-0"]
[WhiteElo "2175"]
[BlackElo "2106"]
[PlyCount "121"]
[EventDate "2013.10.19"]
[EventType "team-tourn"]
[EventRounds "11"]
[EventCountry "SVK"]
[SourceTitle "EXT 2015"]
[Source "ChessBase"]
[SourceDate "2014.11.20"]
[SourceVersion "1"]
[SourceVersionDate "2014.11.20"]
[SourceQuality "1"]
[WhiteTeam "Bratislava Doprastav III"]
[BlackTeam "Krasnany"]
[WhiteTeamCountry "SVK"]
[BlackTeamCountry "SVK"]

1. e4 g6 2. d4 Bg7 3. Be3 d6 4. Nc3 Nc6 5. d5 Nb8 6. Bd3 Nd7 7. Nf3 Ngf6 8. h3 c6 9. 0-0 0-0 10. Re1 Nc5 11. dxc6 bxc6 12. Bxc5 dxc5 13. Bc4 Nd7 14. e5 Nb6 15. Bf1 Be6 16. Ne4 c4 17. Nc5 Bd5 18. Nd4 Qc7 19. Qe2 Nd7 20. Nxd7 Qxd7 21. Rad1 Qc7 22. b3 c3 23. Qe3 Qa5 24. a4 Rfd8 25. Ne2 Be6 26. Rxd8+ Rxd8 27. Nxc3 Bf5 28. Re2 Qb6 29. Qxb6 axb6 30. g3 Bc8 31. Bg2 Ba6 32. Re1 Rd2 33. Bxc6 Rxc2 34. Nd5 Bf8 35. Nb4 Rc3 36. e6 f5 37. Bd5 Bc8 38. Kf1 Kg7 39. Ke2 Rc5 40. Kd3 Kf6 41. Kd4 Bg7 42. Bc4 Kg5+ 43. Kd3 Bb7 44. f4+ Kh6 45. Rg1 Be4+ 46. Ke3 Rc8 47. Rd1 Bf6 48. g4 g5 49. gxf5 Bxf5 50. Nd5 Bc2 51. Rd2 gxf4+ 52. Kf3 Bg6 53. Nxf6 exf6 54. Rd6 Kg5 55. Rxb6 Bh5+ 56. Kf2 Rd8 57. Rb5+ f5 58. Rd5 Re8 59. Rd7 Bg6 60. a5 Ra8 61. a6 1-0

[Event "SVK-chT2A 1213"]
[Site "Slovakia"]
[Date "2013.03.16"]
[Round "10.3"]
[White "Spacek, Oliver"]
[Black "Petrik, Stanislav"]
[Result "1-0"]
[WhiteElo "1977"]
[BlackElo "2171"]
[PlyCount "91"]
[EventDate "2012.10.13"]
[EventType "team-tourn"]
[EventRounds "11"]
[EventCountry "SVK"]
[SourceTitle "EXT 2015"]
[Source "ChessBase"]
[SourceDate "2014.11.20"]
[SourceVersion "1"]
[SourceVersionDate "2014.11.20"]
[SourceQuality "1"]
[WhiteTeam "Osuske II"]
[BlackTeam "Bratislava Doprastav III"]
[WhiteTeamCountry "SVK"]
[BlackTeamCountry "SVK"]

1. d4 Nf6 2. c4 e6 3. g3 d5 4. Bg2 dxc4 5. Qa4+ Nbd7 6. Nf3 a6 7. Nc3 Rb8 8. Qxc4 b5 9. Qd3 Bb7 10. 0-0 Bd6 11. Bf4 Bxf4 12. gxf4 c5 13. b3 Qc7 14. e3 0-0 15. Rac1 Rfc8 16. f5 e5 17. d5 b4 18. Ne4 Nxd5 19. Nfd2 Rd8 20. Rfd1 Rbc8 21. Qc2 Kh8 22. Nc4 N7f6 23. Nxf6 gxf6 24. Bxd5 Bxd5 25. e4 Ba8 26. Rxd8+ Qxd8 27. Rd1 Qg8+ 28. Kf1 Qg4 29. Nd6 Rg8 30. Nxf7+ Kg7 31. Rd7 Qh3+ 32. Ke2 Qh5+ 33. Kf1 Qh3+ 34. Ke2 Qh5+ 35. Kd2 Rf8 36. Ng5+ Kh6 37. Rxh7+ Kxg5 38. Rxh5+ Kxh5 39. Qxc5 Rf7 40. Ke3 Bb7 41. Qxb4 Kg4 42. Qc4 Rg7 43. Qe6 Kh3 44. Qxf6 Rg4 45. f3 Rh4 46. Qxe5 1-0

[Event "SVK-chT2A 1213"]
[Site "Slovakia"]
[Date "2012.12.01"]
[Round "3.3"]
[White "Petrik, Stanislav"]
[Black "Jablonicky, Frantisek"]
[Result "1-0"]
[WhiteElo "2171"]
[BlackElo "2173"]
[PlyCount "95"]
[EventDate "2012.10.13"]
[EventType "team-tourn"]
[EventRounds "11"]
[EventCountry "SVK"]
[SourceTitle "EXT 2015"]
[Source "ChessBase"]
[SourceDate "2014.11.20"]
[SourceVersion "1"]
[SourceVersionDate "2014.11.20"]
[SourceQuality "1"]
[WhiteTeam "Bratislava Doprastav III"]
[BlackTeam "Dunajska Streda II"]
[WhiteTeamCountry "SVK"]
[BlackTeamCountry "SVK"]

1. e4 c6 2. c4 d5 3. cxd5 cxd5 4. exd5 Nf6 5. Nc3 Nxd5 6. Bc4 e6 7. Qf3 Nb4 8. Qe4 Be7 9. Nf3 Nd7 10. d4 Nf6 11. Qe2 0-0 12. 0-0 b6 13. Ne5 Bd7 14. Rd1 Nbd5 15. Ba6 Bd6 16. Bg5 Bc8 17. Nxd5 exd5 18. Rac1 Bxa6 19. Qxa6 Bxe5 20. dxe5 h6 21. Bh4 g5 22. Bg3 Ne4 23. Qb7 Nc5 24. Qc6 d4 25. Qxh6 Ne6 26. h4 Rc8 27. Rxc8 Qxc8 28. hxg5 Qc2 29. Rf1 Qf5 30. f4 d3 31. Qh3 Qe4 32. f5 Nxg5 33. Qh5 Nh7 34. Rf4 Qe3+ 35. Kh2 Qe2 36. Qxe2 dxe2 37. Re4 Re8 38. Rxe2 Nf6 39. Kh3 Nd7 40. Kg4 Nc5 41. Bh4 Nd3 42. Bf6 Rc8 43. g3 Kf8 44. Rh2 Ke8 45. e6 Rc4+ 46. Kf3 fxe6 47. fxe6 Ne1+ 48. Ke3 1-0

[Event "SVK-chT2A 1112"]
[Site "Slovakia"]
[Date "2012.01.29"]
[Round "9.3"]
[White "Abel, Peter"]
[Black "Petrik, Stanislav"]
[Result "0-1"]
[WhiteElo "2198"]
[BlackElo "2165"]
[PlyCount "202"]
[EventDate "2011.10.08"]
[EventType "team-tourn"]
[EventRounds "11"]
[EventCountry "SVK"]
[SourceTitle "EXT 2013"]
[Source "ChessBase"]
[SourceDate "2012.11.22"]
[SourceVersion "1"]
[SourceVersionDate "2012.11.22"]
[SourceQuality "1"]
[WhiteTeam "Piestany Kupele"]
[BlackTeam "Bratislava Doprastav III"]
[WhiteTeamCountry "SVK"]
[BlackTeamCountry "SVK"]

1. c4 Nf6 2. Nc3 e6 3. e4 c5 4. Nf3 Nc6 5. Be2 Qc7 6. 0-0 a6 7. h3 Nh5 8. Re1 Nf4 9. Bf1 Be7 10. d4 cxd4 11. Nxd4 0-0 12. Be3 b6 13. Rc1 Bb7 14. g3 Ng6 15. Bg2 Rac8 16. Na4 Rb8 17. Nb5 axb5 18. cxb5 Qe5 19. bxc6 Bxc6 20. Nxb6 Rfd8 21. Nc4 Qb5 22. e5 Bxg2 23. Kxg2 Ra8 24. a3 Rab8 25. f4 Rdc8 26. Qd3 Rc7 27. Red1 Rbc8 28. b3 Bxa3 29. Ra1 Bf8 30. Bf2 Rb8 31. Rab1 Ne7 32. Nd6 Qc6+ 33. Kh2 Qc2 34. Rd2 Qxd3 35. Rxd3 Rc2 36. Ne4 Nd5 37. Kg2 Rb4 38. Re1 Rb2 39. Nd2 Rb7 40. Re2 Bb4 41. Kf3 Bxd2 42. Rexd2 R2xb3 43. Bc5 f6 44. Bd4 Kf7 45. Kg2 Kg6 46. Kf3 h5 47. Rd1 Kf5 48. R1d2 R7b4 49. g4+ Kg6 50. Ke4 hxg4 51. hxg4 Rxd3 52. Rxd3 Rb1 53. Bf2 Rb2 54. Bd4 Rb4 55. Kf3 f5 56. Kg3 Rc4 57. Kf3 Rc1 58. Bf2 Rc3 59. Rxc3 Nxc3 60. Be3 Nd5 61. Bd2 Ne7 62. Bb4 Ng8 63. g5 Kf7 64. Ke3 Ne7 65. Kf3 Ke8 66. Bc5 Kd8 67. Bd6 g6 68. Bb4 Nd5 69. Bd6 Kc8 70. Bf8 Kb7 71. Ba3 Kc6 72. Bf8 Kb5 73. Ba3 Kc4 74. Bb2 Kd3 75. Bc1 Nc3 76. Be3 Nb5 77. Bc1 Nd4+ 78. Kf2 Ke4 79. Bd2 Nb5 80. Be3 d6 81. exd6 Nxd6 82. Bd2 Nc4 83. Bc1 e5 84. Kg3 exf4+ 85. Bxf4 Ne5 86. Bc1 Nd3 87. Bd2 f4+ 88. Kg4 Ne5+ 89. Kh3 Kf5 90. Ba5 Kxg5 91. Bc7 Kf5 92. Kg2 g5 93. Bb6 g4 94. Ba7 Nc4 95. Bf2 Ne3+ 96. Kg1 g3 97. Be1 Kg4 98. Bb4 f3 99. Be1 Kf4 100. Bxg3+ Kxg3 101. Kh1 Ng4 0-1

[Event "SVK-chT2A 1112"]
[Site "Slovakia"]
[Date "2012.01.28"]
[Round "8.3"]
[White "Petrik, Stanislav"]
[Black "Kozinka, Roman"]
[Result "1/2-1/2"]
[WhiteElo "2165"]
[BlackElo "2056"]
[PlyCount "103"]
[EventDate "2011.10.08"]
[EventType "team-tourn"]
[EventRounds "11"]
[EventCountry "SVK"]
[SourceTitle "EXT 2013"]
[Source "ChessBase"]
[SourceDate "2012.11.22"]
[SourceVersion "1"]
[SourceVersionDate "2012.11.22"]
[SourceQuality "1"]
[WhiteTeam "Bratislava Doprastav III"]
[BlackTeam "Trnava Modranka"]
[WhiteTeamCountry "SVK"]
[BlackTeamCountry "SVK"]

1. e4 e5 2. Nf3 Nf6 3. Nxe5 d6 4. Nxf7 Kxf7 5. Nc3 Bg4 6. f3 Be6 7. d4 c6 8. Be3 Be7 9. Bd3 Re8 10. g4 Kg8 11. g5 Nh5 12. f4 g6 13. Qf3 d5 14. f5 dxe4 15. Bxe4 Bxf5 16. Bxf5 gxf5 17. 0-0-0 Ng7 18. h4 Nd7 19. Rdg1 Nb6 20. h5 Nd5 21. Bd2 Nxc3 22. Qxc3 Qd5 23. Kb1 Ne6 24. g6 Bf6 25. gxh7+ Kxh7 26. Qe3 Ng5 27. Qf4 Re4 28. Qc7+ Re7 29. Qf4 Rg8 30. Bc1 Re4 31. Qc7+ Rg7 32. Qb8 Qd8 33. Qg3 Qxd4 34. h6 Rd7 35. c3 f4 36. Qg4 Qd3+ 37. Ka1 Rd5 38. Rh5 Qf3 39. Rxg5 Qxg4 40. R5xg4 Be5 41. Rg8 Rd3 42. Kb1 Rg3 43. R8xg3 fxg3 44. Kc2 Re2+ 45. Kd3 Rf2 46. Bd2 Bc7 47. Re1 g2 48. Re7+ Kh8 49. Re8+ Kh7 50. Re7+ Kh8 51. Re8+ Kh7 52. Re7+ 1/2-1/2

[Event "SVK-chT2A 1112"]
[Site "Slovakia"]
[Date "2011.11.06"]
[Round "4.2"]
[White "Maslikova, Veronika"]
[Black "Petrik, Stanislav"]
[Result "1-0"]
[WhiteElo "2209"]
[BlackElo "2165"]
[PlyCount "69"]
[EventDate "2011.10.08"]
[EventType "team-tourn"]
[EventRounds "11"]
[EventCountry "SVK"]
[SourceTitle "EXT 2013"]
[Source "ChessBase"]
[SourceDate "2012.11.22"]
[SourceVersion "1"]
[SourceVersionDate "2012.11.22"]
[SourceQuality "1"]
[WhiteTeam "Devinska Nova Ves"]
[BlackTeam "Bratislava Doprastav III"]
[WhiteTeamCountry "SVK"]
[BlackTeamCountry "SVK"]

1. e4 c5 2. Nf3 Nc6 3. d3 g6 4. g3 Bg7 5. c3 Nf6 6. Nbd2 d5 7. a3 dxe4 8. dxe4 0-0 9. Qe2 b6 10. Bg2 a5 11. 0-0 Ba6 12. Nc4 e5 13. Bg5 h6 14. Rfd1 Qc7 15. Bxf6 Bxf6 16. Bf1 Bg7 17. Qc2 f5 18. Nh4 b5 19. Nd6 f4 20. Nxb5 Qb8 21. a4 Rf6 22. Rd7 Bc8 23. Bc4+ Kh7 24. Rf7 Nd8 25. Rxf6 Bxf6 26. Qd1 Ne6 27. Qd5 Ra6 28. Rd1 Rb6 29. b3 Bxh4 30. gxh4 Bb7 31. Qd7+ Ng7 32. f3 h5 33. Qf7 Bc6 34. Rd6 Bxb5 35. Qxg6+ 1-0

[Event "SVK-chT2A 10/11"]
[Site "Slovakia"]
[Date "2011.02.05"]
[Round "6.2"]
[White "Kovac, Andrej"]
[Black "Petrik, Stanislav"]
[Result "0-1"]
[WhiteElo "2132"]
[BlackElo "2187"]
[PlyCount "98"]
[EventDate "2010.10.23"]
[EventType "team-tourn"]
[EventRounds "11"]
[EventCountry "SVK"]
[SourceTitle "EXT 2019"]
[Source "ChessBase"]
[SourceDate "2018.10.10"]
[SourceVersion "1"]
[SourceVersionDate "2018.10.10"]
[SourceQuality "1"]
[WhiteTeam "Bratislava Slavia STU"]
[BlackTeam "Bratislava Doprastav III"]
[WhiteTeamCountry "SVK"]
[BlackTeamCountry "SVK"]

1. d4 Nf6 2. c4 e6 3. Nf3 b6 4. g3 Ba6 5. Nbd2 c6 6. Bg2 d5 7. Ne5 Be7 8. 0-0 0-0 9. Re1 Nfd7 10. Nxd7 Qxd7 11. b3 Bb4 12. Bb2 dxc4 13. bxc4 Bxd2 14. Qxd2 Bxc4 15. Qc3 b5 16. a4 f6 17. axb5 Bxb5 18. Ra5 a6 19. Qa3 Ra7 20. Be4 Rc7 21. Bxh7+ Kf7 22. Bg6+ Kxg6 23. Qxf8 Rc8 24. Qc5 Qc7 25. Ra3 Rd8 26. Qc2+ Kf7 27. Bc3 Qd6 28. Raa1 Qd5 29. Ba5 Rh8 30. Qc5 Qe4 31. Qa7+ Kg6 32. Bc7 Nd7 33. Bf4 c5 34. dxc5 Bc6 35. f3 Qd4+ 36. Kg2 e5 37. Rad1 Qa4 38. Be3 Qg4 39. Bg1 Qh3+ 40. Kf2 e4 41. Qxa6 Ne5 42. Qa2 Re8 43. Qc2 Kh6 44. Qc1+ Kh7 45. Qc2 Kh8 46. fxe4 Ng4+ 47. Kf3 f5 48. Rd4 fxe4+ 49. Rxe4 Rf8# 0-1

[Event "SVK-chT2A 10/11"]
[Site "Slovakia"]
[Date "2010.12.04"]
[Round "3.1"]
[White "Likavsky, Tomas"]
[Black "Petrik, Stanislav"]
[Result "1-0"]
[WhiteElo "2459"]
[BlackElo "2187"]
[PlyCount "75"]
[EventDate "2010.10.23"]
[EventType "team-tourn"]
[EventRounds "11"]
[EventCountry "SVK"]
[SourceTitle "EXT 2019"]
[Source "ChessBase"]
[SourceDate "2018.10.10"]
[SourceVersion "1"]
[SourceVersionDate "2018.10.10"]
[SourceQuality "1"]
[WhiteTeam "Trnava Lokomotiva II"]
[BlackTeam "Bratislava Doprastav III"]
[WhiteTeamCountry "SVK"]
[BlackTeamCountry "SVK"]

1. d4 Nf6 2. c4 e6 3. g3 Bb4+ 4. Bd2 Bxd2+ 5. Qxd2 b5 6. Bg2 c6 7. cxb5 Qb6 8. Nc3 Bb7 9. Nf3 cxb5 10. Qg5 0-0 11. Qxb5 Nc6 12. Qxb6 axb6 13. Ne5 d5 14. Nxc6 Bxc6 15. Kd2 Ra5 16. Rhc1 Rfa8 17. a3 Bd7 18. e3 h5 19. h4 g6 20. Bf1 Ne8 21. Na2 Nd6 22. Nb4 b5 23. Rc7 Be8 24. Bd3 Nc4+ 25. Kc3 R5a7 26. Rxa7 Rxa7 27. b3 Nb6 28. Kb2 Rc7 29. Na6 Ra7 30. Nb4 Rc7 31. Rc1 Rxc1 32. Kxc1 Nc8 33. Na6 Bc6 34. Kb2 Kf8 35. Kc3 Ke7 36. Kb4 Nd6 37. Kc5 Bd7 38. Nc7 1-0